[Event "4. Moscu Open 2008"]
[Site "Moscu RUS"]
[Date "2008.02.08"]
[Round "7.92"]
[White "Pichugin, Andrei"]
[Black "Dzhakaev, Dzhakay"]
[Result "0-1"]
[WhiteElo "2176"]
[BlackElo "2510"]
[PlyCount "82"]
[EventDate "2008.02.02"]
[EventType "swiss"]
[EventRounds "9"]
[EventCountry "RUS"]
[Source "lmi"]
[SourceDate "2008.02.02"]

1. e4 c5 2. Nf3 Nc6 3. d4 cxd4 4. Nxd4 g6 5. c4 Nf6 6. Nc3 d6 7. Be2 Nxd4 8.
Qxd4 Bg7 9. Be3 O-O 10. Qd2 Bd7 11. O-O Bc6 12. f3 a5 13. b3 Nd7 14. Rac1 Nc5
15. Nd5 e6 16. Nc3 Qc7 17. Rfd1 Be5 18. Bd4 Qb6 19. Rb1 Qb4 20. f4 Rfd8 21. Bf3
Bxd4+ 22. Qxd4 e5 23. fxe5 dxe5 24. Qe3 Ne6 25. Nd5 Qc5 26. Qxc5 Nxc5 27. a3
Kg7 28. b4 axb4 29. axb4 Ne6 30. Ra1 Nd4 31. Kf2 f5 32. Rxa8 Rxa8 33. Rd2 Ra3
34. b5 Bxd5 35. exd5 Nb3 36. Rd1 e4 37. Be2 Kf6 38. d6 Ra8 39. b6 Rd8 40. c5
Nxc5 41. Rc1 Nd3+ 0-1

[Event "4. Moscu Open 2008"]
[Site "Moscu RUS"]
[Date "2008.02.08"]
[Round "7.93"]
[White "Chernyshov, Konstantin"]
[Black "Kachar, Vladimir"]
[Result "1-0"]
[WhiteElo "2543"]
[BlackElo "2342"]
[PlyCount "61"]
[EventDate "2008.02.02"]
[EventType "swiss"]
[EventRounds "9"]
[EventCountry "RUS"]
[Source "lmi"]
[SourceDate "2008.02.02"]

1. e4 c5 2. a3 d6 3. b4 Nf6 4. d3 Nc6 5. c3 a6 6. f4 b6 7. Nf3 g6 8. g3 Bg7 9.
Bg2 O-O 10. O-O e5 11. Ra2 Be6 12. Raf2 Ng4 13. Re2 exf4 14. gxf4 Rc8 15. Qe1
Nf6 16. Kh1 d5 17. f5 dxe4 18. fxe6 exf3 19. Rxf3 fxe6 20. Rxe6 Qd7 21. Bg5
Rce8 22. Rfe3 Rxe6 23. Rxe6 Re8 24. Rxe8+ Nxe8 25. Qe4 Ne5 26. Qd5+ Qxd5 27.
Bxd5+ Kf8 28. Bd8 a5 29. Bxb6 Nxd3 30. bxa5 Nd6 31. a4 1-0

[Event "4. Moscu Open 2008"]
[Site "Moscu RUS"]
[Date "2008.02.08"]
[Round "7.94"]
[White "Gubajdullin, Alexei"]
[Black "Rjabzev, Konstantin"]
[Result "0-1"]
[WhiteElo "2504"]
[BlackElo "2332"]
[PlyCount "42"]
[EventDate "2008.02.02"]
[EventType "swiss"]
[EventRounds "9"]
[EventCountry "RUS"]
[Source "lmi"]
[SourceDate "2008.02.02"]

1. e4 e5 2. Nf3 Nc6 3. Bb5 a6 4. Ba4 Nf6 5. Bxc6 dxc6 6. d3 Bd6 7. Nbd2 O-O 8.
Nc4 Re8 9. b3 b5 10. Ne3 c5 11. O-O Ng4 12. Nd5 c6 13. Nc3 Ra7 14. a4 Rd7 15.
Bg5 Be7 16. Bxe7 Qxe7 17. axb5 axb5 18. Ra5 Rd6 19. Qa1 Rh6 20. Ne2 Nxh2 21.
Re1 Nxf3+ 0-1

[Event "4. Moscu Open 2008"]
[Site "Moscu RUS"]
[Date "2008.02.08"]
[Round "7.96"]
[White "Iskusnyh, Sergei"]
[Black "Isaev, Yuri"]
[Result "1-0"]
[WhiteElo "2478"]
[BlackElo "2328"]
[PlyCount "55"]
[EventDate "2008.02.02"]
[EventType "swiss"]
[EventRounds "9"]
[EventCountry "RUS"]
[Source "lmi"]
[SourceDate "2008.02.02"]

1. d4 Nf6 2. c4 e6 3. Nf3 b6 4. g3 Bb7 5. Bg2 Be7 6. Nc3 O-O 7. Qc2 Na6 8. e4
d5 9. cxd5 exd5 10. e5 Ne4 11. O-O c5 12. Rd1 Nxc3 13. bxc3 cxd4 14. cxd4 Qd7
15. Ng5 Bxg5 16. Bxg5 Rac8 17. Qe2 Qf5 18. h4 Rfe8 19. Rac1 Rxc1 20. Rxc1 Rc8
21. Qd2 Rxc1+ 22. Qxc1 Qd7 23. Qa3 h6 24. Be3 b5 25. Bf1 Qc6 26. Qe7 Nc7 27.
Qd8+ Ne8 28. Bh3 1-0

[Event "4. Moscu Open 2008"]
[Site "Moscu RUS"]
[Date "2008.02.08"]
[Round "7.97"]
[White "Demin, Vladimir"]
[Black "Gundavaa, Bayarsaihan"]
[Result "1/2-1/2"]
[WhiteElo "2459"]
[BlackElo "2320"]
[PlyCount "108"]
[EventDate "2008.02.02"]
[EventType "swiss"]
[EventRounds "9"]
[EventCountry "RUS"]
[Source "lmi"]
[SourceDate "2008.02.02"]

1. d4 d5 2. Nf3 Nf6 3. c4 c6 4. e3 Bf5 5. Nc3 e6 6. Nh4 Bg6 7. Nxg6 hxg6 8. g3
Nbd7 9. Bd2 Bd6 10. b3 e5 11. Bg2 e4 12. cxd5 cxd5 13. f3 Qe7 14. O-O O-O 15.
a4 a6 16. Qe1 Qe6 17. Qb1 exf3 18. Bxf3 Rfe8 19. Re1 Ne4 20. Nxe4 dxe4 21. Be2
Nf6 22. Kg2 g5 23. Bc4 Qd7 24. a5 g6 25. Bc3 Kg7 26. Qb2 Nh5 27. Be2 g4 28. d5+
Kh7 29. Bc4 f5 30. Rf1 Qc7 31. Qf2 Rf8 32. Qe1 Nf6 33. Qd2 Nh5 34. Bb4 Qe7 35.
Bxd6 Qxd6 36. Ra4 Nf6 37. Rb4 Nd7 38. Rxb7 Rfb8 39. Rxd7+ Qxd7 40. d6 Rc8 41.
Rd1 Rc5 42. Qb4 Rc6 43. Bd5 Rc2+ 44. Kg1 Rac8 45. Qb7 Rd8 46. Qxd7+ Rxd7 47.
Bc4 Rc3 48. Bxa6 Rxb3 49. Bc8 Rd8 50. d7 Rxe3 51. Ra1 Rc3 52. a6 Rdxc8 53.
dxc8=R Rxc8 54. a7 Ra8 1/2-1/2

[Event "4. Moscu Open 2008"]
[Site "Moscu RUS"]
[Date "2008.02.08"]
[Round "7.98"]
[White "Nakhapetiane, Pogos"]
[Black "Gritsenko, Andrey"]
[Result "1-0"]
[WhiteElo "2442"]
[BlackElo "2317"]
[PlyCount "39"]
[EventDate "2008.02.02"]
[EventType "swiss"]
[EventRounds "9"]
[EventCountry "RUS"]
[Source "lmi"]
[SourceDate "2008.02.02"]

1. e4 c5 2. Nf3 d6 3. d4 cxd4 4. Nxd4 Nf6 5. Nc3 a6 6. f3 e5 7. Nb3 Be7 8. Be3
Be6 9. Qd2 O-O 10. O-O-O Nbd7 11. g4 b5 12. g5 b4 13. Ne2 Ne8 14. f4 a5 15. f5
a4 16. Nbd4 b3 17. Kb1 bxc2+ 18. Nxc2 Bb3 19. axb3 axb3 20. Na3 1-0

[Event "4. Moscu Open 2008"]
[Site "Moscu RUS"]
[Date "2008.02.08"]
[Round "7.99"]
[White "Batchuluun, Cegmed"]
[Black "Gankin, Stanislav"]
[Result "1-0"]
[WhiteElo "2432"]
[BlackElo "2308"]
[PlyCount "55"]
[EventDate "2008.02.02"]
[EventType "swiss"]
[EventRounds "9"]
[EventCountry "RUS"]
[Source "lmi"]
[SourceDate "2008.02.02"]

1. Nf3 Nf6 2. c4 e6 3. g3 d5 4. d4 a6 5. Qc2 c6 6. Bg2 b5 7. c5 a5 8. O-O Be7
9. Nbd2 O-O 10. e4 Nfd7 11. Re1 Na6 12. e5 Re8 13. Nf1 Nf8 14. h4 Ra7 15. h5
Nb8 16. N1h2 Nbd7 17. h6 g6 18. Ng4 Nb8 19. Bf4 Nbd7 20. Qd2 f5 21. exf6 Nxf6
22. Nge5 Bd7 23. Ng5 Nh5 24. Ngf7 Qa8 25. Bg5 Bc8 26. Nd6 Rd8 27. Bxe7 Rxe7 28.
Qg5 1-0

[Event "4. Moscu Open 2008"]
[Site "Moscu RUS"]
[Date "2008.02.08"]
[Round "7.100"]
[White "Potapov, Alexey"]
[Black "Alavkin, Arseny"]
[Result "0-1"]
[WhiteElo "2320"]
[BlackElo "2429"]
[PlyCount "60"]
[EventDate "2008.02.02"]
[EventType "swiss"]
[EventRounds "9"]
[EventCountry "RUS"]
[Source "lmi"]
[SourceDate "2008.02.02"]

1. Nf3 d5 2. c4 c6 3. b3 Bg4 4. Bb2 Bxf3 5. exf3 e6 6. Be2 Nf6 7. f4 Bc5 8. O-O
dxc4 9. bxc4 Bd4 10. Qb3 Bxb2 11. Qxb2 Qc7 12. Qe5 Qe7 13. Bf3 Nbd7 14. Qb2 Nb6
15. Na3 O-O 16. d4 c5 17. dxc5 Qxc5 18. Rfc1 Rfd8 19. Rab1 Rd3 20. Rc3 Rad8 21.
Qb3 Rd2 22. Re3 h5 23. h3 Qf5 24. Bxb7 R8d3 25. Qb4 Qxf4 26. Rxd3 Qxf2+ 27. Kh1
Rxd3 28. Nb5 Qxa2 29. c5 Nbd5 30. Qb2 Rd1+ 0-1

[Event "4. Moscu Open 2008"]
[Site "Moscu RUS"]
[Date "2008.02.08"]
[Round "7.102"]
[White "Nyzhnyk, Illya"]
[Black "Yakovich, Yuri"]
[Result "0-1"]
[WhiteElo "2405"]
[BlackElo "2595"]
[PlyCount "62"]
[EventDate "2008.02.02"]
[EventType "swiss"]
[EventRounds "9"]
[EventCountry "RUS"]
[Source "lmi"]
[SourceDate "2008.02.02"]

1. d4 d6 2. c4 e5 3. Nf3 e4 4. Ng5 f5 5. Nc3 h6 6. Nh3 g5 7. g3 Nf6 8. Bg2 Bg7
9. f3 exf3 10. exf3 Qe7+ 11. Kf2 O-O 12. Re1 Qf7 13. Qd3 Nc6 14. Ne2 Nb4 15.
Qb3 c5 16. Kg1 Rb8 17. a4 Be6 18. d5 Nfxd5 19. Bd2 Nb6 20. Bxb4 Bxc4 21. Qa3
cxb4 22. Qxb4 Rbc8 23. a5 Nd5 24. Qd2 Rfe8 25. Rac1 Ne3 26. Bh1 Qd5 27. Qxd5+
Nxd5 28. f4 Nb4 29. Bxb7 Rc7 30. Bg2 Nd3 31. Rxc4 Rxc4 0-1

[Event "4. Moscu Open 2008"]
[Site "Moscu RUS"]
[Date "2008.02.08"]
[Round "7.103"]
[White "Purtov, Andrei"]
[Black "Kolomensky, Vladimir"]
[Result "0-1"]
[WhiteElo "2403"]
[BlackElo "2258"]
[PlyCount "48"]
[EventDate "2008.02.02"]
[EventType "swiss"]
[EventRounds "9"]
[EventCountry "RUS"]
[Source "lmi"]
[SourceDate "2008.02.02"]

1. e4 c5 2. Nf3 e6 3. d4 cxd4 4. Nxd4 a6 5. Bd3 Bc5 6. Nb3 Be7 7. O-O d6 8. Qg4
g6 9. Qe2 Nd7 10. Nc3 Qc7 11. Bd2 b6 12. Nd4 Bb7 13. a4 Ngf6 14. Bh6 Qc5 15.
Be3 Qc7 16. Nf3 O-O 17. Bh6 Rfe8 18. h3 Ne5 19. Ng5 Nfd7 20. Qd2 f6 21. Nf3 Nc5
22. Nd4 Nexd3 23. cxd3 e5 24. Nc2 Nb3 0-1

[Event "4. Moscu Open 2008"]
[Site "Moscu RUS"]
[Date "2008.02.08"]
[Round "7.104"]
[White "Kazantcev, Valerij M"]
[Black "Moskalenko, Alexander"]
[Result "1-0"]
[WhiteElo "2317"]
[BlackElo "2402"]
[PlyCount "55"]
[EventDate "2008.02.02"]
[EventType "swiss"]
[EventRounds "9"]
[EventCountry "RUS"]
[Source "lmi"]
[SourceDate "2008.02.02"]

1. c4 Nf6 2. Nf3 g6 3. g3 Bg7 4. Bg2 O-O 5. O-O d6 6. Nc3 Nc6 7. Rb1 e5 8. b4
e4 9. Ng5 Nh5 10. b5 Nb8 11. Nh3 Re8 12. Qc2 Bf5 13. d3 exd3 14. exd3 Nd7 15.
Ng5 Ne5 16. Nge4 Qd7 17. Bd2 c6 18. Rfe1 Rac8 19. f4 Ng4 20. bxc6 bxc6 21. Qa4
Rcd8 22. Bf3 Qc8 23. h3 Bd4+ 24. Kg2 Ngf6 25. g4 Nxg4 26. hxg4 Bxg4 27. Rh1
Bxf3+ 28. Kxf3 1-0

[Event "4. Moscu Open 2008"]
[Site "Moscu RUS"]
[Date "2008.02.08"]
[Round "7.106"]
[White "Aleshin, Oleg"]
[Black "Schetinin, Aleksander V"]
[Result "0-1"]
[WhiteElo "2398"]
[BlackElo "2195"]
[PlyCount "36"]
[EventDate "2008.02.02"]
[EventType "swiss"]
[EventRounds "9"]
[EventCountry "RUS"]
[Source "lmi"]
[SourceDate "2008.02.02"]

1. e4 c6 2. d4 d5 3. e5 g6 4. c4 Bg7 5. Nc3 Nh6 6. Nf3 O-O 7. cxd5 cxd5 8. Qb3
Nc6 9. Be3 Bg4 10. Qxb7 Rc8 11. Be2 Nf5 12. Rd1 Nxe3 13. fxe3 Bh6 14. Kf2 f6
15. exf6 Rxf6 16. h3 Rb8 17. Qxb8 Nxb8 18. hxg4 Bg7 0-1

[Event "4. Moscu Open 2008"]
[Site "Moscu RUS"]
[Date "2008.02.08"]
[Round "7.107"]
[White "Krivoborodov, Egor"]
[Black "Viliavin, Roman"]
[Result "1-0"]
[WhiteElo "2394"]
[BlackElo "2239"]
[PlyCount "43"]
[EventDate "2008.02.02"]
[EventType "swiss"]
[EventRounds "9"]
[EventCountry "RUS"]
[Source "lmi"]
[SourceDate "2008.02.02"]

1. e4 c5 2. Nf3 Nc6 3. d4 cxd4 4. Nxd4 Nf6 5. Nc3 e5 6. Ndb5 d6 7. Bg5 a6 8.
Na3 b5 9. Nd5 Be7 10. Nxe7 Nxe7 11. Bd3 d5 12. exd5 Qxd5 13. f3 Be6 14. Qe2 b4
15. Bxf6 bxa3 16. Bxe5 Qa5+ 17. b4 Qxb4+ 18. Qd2 Nd5 19. c3 Qe7 20. O-O O-O 21.
c4 Nf6 22. Bd6 1-0

[Event "4. Moscu Open 2008"]
[Site "Moscu RUS"]
[Date "2008.02.08"]
[Round "7.108"]
[White "Bukavshin, Ivan"]
[Black "Ozolin, Maxim"]
[Result "1-0"]
[WhiteElo "2255"]
[BlackElo "2387"]
[PlyCount "43"]
[EventDate "2008.02.02"]
[EventType "swiss"]
[EventRounds "9"]
[EventCountry "RUS"]
[Source "lmi"]
[SourceDate "2008.02.02"]

1. e4 c5 2. Nf3 d6 3. d4 cxd4 4. Nxd4 Nf6 5. Nc3 Nc6 6. Bg5 Bd7 7. Qd2 Rc8 8.
f4 Nxd4 9. Qxd4 Qa5 10. e5 dxe5 11. fxe5 e6 12. O-O-O Bc6 13. Nb5 Bxb5 14. exf6
Bc6 15. h4 Rg8 16. Bc4 h6 17. Bxe6 fxe6 18. Rhf1 Bc5 19. Qg4 Kf7 20. Qh5+ g6
21. Qxh6 Be3+ 22. Kb1 1-0

[Event "4. Moscu Open 2008"]
[Site "Moscu RUS"]
[Date "2008.02.08"]
[Round "7.109"]
[White "Orlinkov, Maxim L"]
[Black "Neshkov, Vladislav"]
[Result "1-0"]
[WhiteElo "2384"]
[BlackElo "2180"]
[PlyCount "65"]
[EventDate "2008.02.02"]
[EventType "swiss"]
[EventRounds "9"]
[EventCountry "RUS"]
[Source "lmi"]
[SourceDate "2008.02.02"]

1. e4 c5 2. Nc3 Nc6 3. f4 g6 4. Nf3 Bg7 5. Bb5 Nd4 6. Nxd4 cxd4 7. Ne2 a6 8.
Bd3 b5 9. O-O Bb7 10. Qe1 Nh6 11. c3 dxc3 12. dxc3 Qb6+ 13. Kh1 O-O 14. Ng3 Qc6
15. Qe2 f5 16. exf5 gxf5 17. Nh5 Rf7 18. Rf3 Qg6 19. Rg3 Ng4 20. Bxf5 Qxf5 21.
Qxg4 Qxg4 22. Rxg4 Kh8 23. Be3 Bf6 24. Re1 Rg8 25. h3 Rg6 26. Nxf6 exf6 27. Bd4
Kg7 28. f5 Rxg4 29. hxg4 Kf8 30. Kh2 Bd5 31. Bc5+ Kg7 32. b3 h6 33. Kh3 1-0

[Event "4. Moscu Open 2008"]
[Site "Moscu RUS"]
[Date "2008.02.08"]
[Round "7.110"]
[White "Rozanov, Pavel B"]
[Black "Predein, Vladimir"]
[Result "1/2-1/2"]
[WhiteElo "2253"]
[BlackElo "2382"]
[PlyCount "80"]
[EventDate "2008.02.02"]
[EventType "swiss"]
[EventRounds "9"]
[EventCountry "RUS"]
[Source "lmi"]
[SourceDate "2008.02.02"]

1. d4 Nf6 2. Nf3 g6 3. c4 Bg7 4. Nc3 d6 5. e4 O-O 6. Be2 e5 7. d5 a5 8. h3 Nh5
9. Nh2 Nf4 10. Bf3 f5 11. Be3 Na6 12. O-O Nc5 13. b3 b6 14. Kh1 Qe8 15. a3 fxe4
16. Nxe4 Bf5 17. Bxc5 bxc5 18. Re1 Qe7 19. Rb1 Rf7 20. Qd2 g5 21. b4 cxb4 22.
axb4 axb4 23. Rxb4 h5 24. Ng3 Bg6 25. Be4 Bxe4 26. Nxe4 Bf8 27. f3 Ra3 28. Rb8
Kh7 29. Qc2 Kh6 30. Rb3 Ra8 31. Rd1 Ng6 32. Qb2 Nh4 33. Ra1 Rxa1+ 34. Qxa1 Nf5
35. Rb7 Kh7 36. Qb1 Kg7 37. Qc1 Kg6 38. Qc2 Kg7 39. Qd2 Kg6 40. Qc2 Kg7 1/2-1/2

[Event "4. Moscu Open 2008"]
[Site "Moscu RUS"]
[Date "2008.02.08"]
[Round "7.111"]
[White "Kalashnikov, Konstantin"]
[Black "Galiaev, Andrey"]
[Result "1/2-1/2"]
[WhiteElo "2381"]
[BlackElo "2314"]
[PlyCount "56"]
[EventDate "2008.02.02"]
[EventType "swiss"]
[EventRounds "9"]
[EventCountry "RUS"]
[Source "lmi"]
[SourceDate "2008.02.02"]

1. d4 d5 2. c4 c6 3. Nc3 Nf6 4. e3 e6 5. Nf3 Nbd7 6. Qc2 Bd6 7. Be2 dxc4 8.
Bxc4 e5 9. O-O O-O 10. Rd1 Qe7 11. h3 h6 12. Nh4 Nb6 13. Ng6 Qc7 14. dxe5 Bxe5
15. Nxe5 Qxe5 16. Bd3 Be6 17. e4 Rfd8 18. Be3 Bc4 19. f4 Bxd3 20. Rxd3 Qe7 21.
Rad1 Rxd3 22. Qxd3 Re8 23. Bxb6 axb6 24. e5 Nh5 25. Qf3 g6 26. Rd6 Rd8 27. Ne4
Rxd6 28. Nxd6 Qh4 1/2-1/2

[Event "4. Moscu Open 2008"]
[Site "Moscu RUS"]
[Date "2008.02.08"]
[Round "7.112"]
[White "Rettore, Ludwig"]
[Black "Filipenko, Alexander V"]
[Result "0-1"]
[WhiteElo "2210"]
[BlackElo "2373"]
[PlyCount "74"]
[EventDate "2008.02.02"]
[EventType "swiss"]
[EventRounds "9"]
[EventCountry "RUS"]
[Source "lmi"]
[SourceDate "2008.02.02"]

1. e4 c5 2. Nf3 Nc6 3. d4 cxd4 4. Nxd4 Nf6 5. Nc3 d6 6. Bc4 e6 7. Be3 Be7 8.
Qe2 a6 9. O-O-O Nxd4 10. Bxd4 b5 11. Bb3 Bb7 12. e5 dxe5 13. Bxe5 Qb6 14. Rhg1
O-O 15. g4 Rad8 16. g5 Nd7 17. Bd4 Bc5 18. Bxc5 Nxc5 19. f3 Qc7 20. Rg4 Rxd1+
21. Nxd1 Rd8 22. c3 Qc6 23. Rg3 Qd6 24. Bc2 Bd5 25. Kb1 Bc4 26. Qe3 g6 27. b3
Bd3 28. Nf2 Bf5 29. Rg1 Qd2 30. Qxd2 Rxd2 31. Bxf5 Rxf2 32. Be4 Rxh2 33. Bc6
Rd2 34. Rg4 Rd6 35. Ba8 Rd8 36. Be4 Nxe4 37. fxe4 Rd2 0-1

[Event "4. Moscu Open 2008"]
[Site "Moscu RUS"]
[Date "2008.02.08"]
[Round "7.113"]
[White "Yeo, Michael J"]
[Black "Egorov, Dmitry"]
[Result "1-0"]
[WhiteElo "2110"]
[BlackElo "2590"]
[PlyCount "49"]
[EventDate "2008.02.02"]
[EventType "swiss"]
[EventRounds "9"]
[EventCountry "RUS"]
[Source "lmi"]
[SourceDate "2008.02.02"]

1. e4 c6 2. d4 d5 3. e5 c5 4. c4 e6 5. Nf3 Nc6 6. Nc3 dxc4 7. dxc5 Qxd1+ 8.
Kxd1 Bxc5 9. Ne4 Be7 10. Bxc4 Bd7 11. Ke2 f5 12. Nc3 Rc8 13. Rd1 Bb4 14. Be3
Bxc3 15. bxc3 Na5 16. Rxd7 Kxd7 17. Rd1+ Kc7 18. Bxe6 Re8 19. Rd7+ Kb8 20. Bxf5
Ne7 21. Be4 g6 22. Nd4 Nf5 23. Bf4 Kc8 24. Bxf5 gxf5 25. Rf7 1-0

[Event "4. Moscu Open 2008"]
[Site "Moscu RUS"]
[Date "2008.02.08"]
[Round "7.114"]
[White "Pruess, David"]
[Black "Inants, Aghasi"]
[Result "1/2-1/2"]
[WhiteElo "2431"]
[BlackElo "2241"]
[PlyCount "38"]
[EventDate "2008.02.02"]
[EventType "swiss"]
[EventRounds "9"]
[EventCountry "RUS"]
[Source "lmi"]
[SourceDate "2008.02.02"]

1. e4 e5 2. Nf3 Nc6 3. Bb5 a6 4. Ba4 Nf6 5. O-O Be7 6. Re1 b5 7. Bb3 O-O 8. c3
d5 9. exd5 Nxd5 10. Nxe5 Nxe5 11. Rxe5 Nf6 12. d4 Bd6 13. Re1 Nh5 14. Be3 Qf6
15. Nd2 Bb7 16. g3 Qg6 17. Qc2 Qg4 18. f3 Bxf3 19. Nxf3 Qxf3 1/2-1/2

[Event "4. Moscu Open 2008"]
[Site "Moscu RUS"]
[Date "2008.02.08"]
[Round "7.115"]
[White "Paveliev, Alexey"]
[Black "Liberzon, Roman"]
[Result "1-0"]
[WhiteElo "2423"]
[BlackElo "2240"]
[PlyCount "49"]
[EventDate "2008.02.02"]
[EventType "swiss"]
[EventRounds "9"]
[EventCountry "RUS"]
[Source "lmi"]
[SourceDate "2008.02.02"]

1. e4 c6 2. d4 g6 3. Nf3 Bg7 4. Nc3 d5 5. Bf4 dxe4 6. Nxe4 Bf5 7. Ng3 Nf6 8.
Nxf5 Qa5+ 9. Qd2 Qxd2+ 10. Bxd2 gxf5 11. Bd3 e6 12. O-O O-O 13. Rfe1 Nbd7 14.
c4 Rfd8 15. Bg5 Nc5 16. Bxf5 exf5 17. dxc5 Re8 18. Be3 Ne4 19. Nh4 f4 20. Bxf4
Bxb2 21. Rad1 Bc3 22. Re3 Bd2 23. Rxd2 Nxd2 24. Rg3+ Kh8 25. Bxd2 1-0

[Event "4. Moscu Open 2008"]
[Site "Moscu RUS"]
[Date "2008.02.08"]
[Round "7.116"]
[White "Polivanov, Anatoliy"]
[Black "Guerrero, Juan Carlos"]
[Result "1/2-1/2"]
[WhiteElo "2391"]
[BlackElo "2196"]
[PlyCount "51"]
[EventDate "2008.02.02"]
[EventType "swiss"]
[EventRounds "9"]
[EventCountry "RUS"]
[Source "lmi"]
[SourceDate "2008.02.02"]

1. e4 c5 2. Nf3 d6 3. d4 cxd4 4. Nxd4 Nf6 5. Nc3 g6 6. g3 Bg7 7. Bg2 O-O 8. O-O
Nc6 9. Nde2 Bg4 10. h3 Bxe2 11. Qxe2 Rc8 12. a4 Nd7 13. f4 Qa5 14. Ra3 Nb6 15.
Kh2 Nd4 16. Qd3 e6 17. Rf2 a6 18. Nd1 Nxa4 19. Be3 Nb5 20. Ra2 Qb4 21. Bd2 Qd4
22. Qxd4 Bxd4 23. Rxa4 Bxf2 24. c4 Bc5 25. cxb5 axb5 26. Ra5 1/2-1/2

[Event "4. Moscu Open 2008"]
[Site "Moscu RUS"]
[Date "2008.02.08"]
[Round "7.117"]
[White "Kotenko, Pavel"]
[Black "Venevtsev, Andrey"]
[Result "1/2-1/2"]
[WhiteElo "2390"]
[BlackElo "2178"]
[PlyCount "53"]
[EventDate "2008.02.02"]
[EventType "swiss"]
[EventRounds "9"]
[EventCountry "RUS"]
[Source "lmi"]
[SourceDate "2008.02.02"]

1. e4 e6 2. d4 d5 3. Nd2 c5 4. exd5 exd5 5. Bb5+ Nc6 6. Ngf3 Qe7+ 7. Be2 g5 8.
h3 g4 9. hxg4 Bxg4 10. dxc5 O-O-O 11. O-O Nf6 12. Nb3 Rg8 13. Bf4 Ne4 14. Ne1
Bh3 15. Qd3 Qh4 16. Bh2 Rg6 17. Qf3 Bxc5 18. Nxc5 Nxc5 19. Bg3 Qe7 20. Bd3 Nxd3
21. Qxd3 Bg4 22. Nf3 Qf6 23. Bh4 Qf4 24. Bg3 Qe4 25. Nh4 Rgg8 26. Rfe1 Qxd3 27.
cxd3 1/2-1/2

[Event "4. Moscu Open 2008"]
[Site "Moscu RUS"]
[Date "2008.02.08"]
[Round "7.118"]
[White "Chudinovskikh, Alexander M"]
[Black "Kaljaev, Viacheslav"]
[Result "1-0"]
[WhiteElo "2389"]
[BlackElo "2137"]
[PlyCount "27"]
[EventDate "2008.02.02"]
[EventType "swiss"]
[EventRounds "9"]
[EventCountry "RUS"]
[Source "lmi"]
[SourceDate "2008.02.02"]

1. e4 e5 2. Nf3 Nc6 3. Bc4 Bc5 4. c3 Bb6 5. d4 Qe7 6. O-O d6 7. h3 a6 8. Na3
Nf6 9. Re1 O-O 10. Nc2 Kh8 11. Ne3 Qe8 12. Nd5 Ba7 13. Nxc7 Qe7 14. Nxa8 1-0

[Event "4. Moscu Open 2008"]
[Site "Moscu RUS"]
[Date "2008.02.08"]
[Round "7.119"]
[White "Lebedev, Sergey"]
[Black "Sychev, Klementy"]
[Result "1-0"]
[WhiteElo "2590"]
[BlackElo "2122"]
[PlyCount "59"]
[EventDate "2008.02.02"]
[EventType "swiss"]
[EventRounds "9"]
[EventCountry "RUS"]
[Source "lmi"]
[SourceDate "2008.02.02"]

1. d4 Nf6 2. c4 g6 3. Nc3 Bg7 4. e4 d6 5. f4 O-O 6. Nf3 c5 7. d5 Bg4 8. Be2
Bxf3 9. Bxf3 Nbd7 10. O-O a6 11. a4 Qc7 12. Be3 Rad8 13. g4 Nb6 14. Qe2 Nfd7
15. g5 Bd4 16. Nd1 Bg7 17. Nf2 e6 18. a5 Nc8 19. Ra2 exd5 20. cxd5 Ne7 21. Rc1
Qb8 22. Bg4 Rfe8 23. Qf3 b5 24. axb6 Qxb6 25. Bd2 Qb7 26. Bxd7 Rxd7 27. Bc3
Bxc3 28. Qxc3 Kf8 29. Rca1 Ng8 30. Rxa6 1-0

[Event "4. Moscu Open 2008"]
[Site "Moscu RUS"]
[Date "2008.02.08"]
[Round "7.120"]
[White "Pletnev, Evgeniy"]
[Black "Kislov, Oleg"]
[Result "0-1"]
[WhiteElo "2285"]
[BlackElo "2358"]
[PlyCount "34"]
[EventDate "2008.02.02"]
[EventType "swiss"]
[EventRounds "9"]
[EventCountry "RUS"]
[Source "lmi"]
[SourceDate "2008.02.02"]

1. d4 d5 2. Bg5 h6 3. Bh4 Bf5 4. Nc3 c6 5. Qd2 Nd7 6. Nf3 Ngf6 7. O-O-O e6 8.
g4 Bh7 9. g5 hxg5 10. Bxg5 b5 11. e3 Qa5 12. Kb1 Nb6 13. Bd3 Nc4 14. Qc1 Ba3
15. bxa3 Qxc3 16. Bxc4 bxc4 17. Qb2 Bxc2+ 0-1

[Event "4. Moscu Open 2008"]
[Site "Moscu RUS"]
[Date "2008.02.08"]
[Round "7.121"]
[White "Pletnev, Evgeniy"]
[Black "Losev, Dmitry"]
[Result "0-1"]
[WhiteElo "2285"]
[BlackElo "2344"]
[PlyCount "46"]
[EventDate "2008.02.02"]
[EventType "swiss"]
[EventRounds "9"]
[EventCountry "RUS"]
[Source "lmi"]
[SourceDate "2008.02.02"]

1. e4 c5 2. Nc3 Nc6 3. g3 g6 4. Bg2 Bg7 5. Nge2 d6 6. O-O Rb8 7. d3 b5 8. f4
Nd4 9. h3 e6 10. Nxd4 cxd4 11. Ne2 Ne7 12. Bd2 O-O 13. c3 dxc3 14. Bxc3 e5 15.
b3 b4 16. Bb2 d5 17. Bxe5 Bxe5 18. fxe5 dxe4 19. dxe4 Ba6 20. Rf2 Bxe2 21. Rxe2
Qb6+ 22. Kh2 Rbd8 23. Rd2 Nc6 0-1

[Event "4. Moscu Open 2008"]
[Site "Moscu RUS"]
[Date "2008.02.08"]
[Round "7.122"]
[White "Omariev, Maksim"]
[Black "Tarasov, Oleg"]
[Result "1/2-1/2"]
[WhiteElo "2242"]
[BlackElo "2341"]
[PlyCount "60"]
[EventDate "2008.02.02"]
[EventType "swiss"]
[EventRounds "9"]
[EventCountry "RUS"]
[Source "lmi"]
[SourceDate "2008.02.02"]

1. e4 c5 2. Nf3 d6 3. d4 cxd4 4. Nxd4 Nf6 5. Nc3 a6 6. Bg5 e6 7. f4 Be7 8. Qf3
Qc7 9. O-O-O Nbd7 10. Bd3 h6 11. Bh4 g5 12. fxg5 Ne5 13. Qe2 Nfg4 14. Rhf1 hxg5
15. Bg3 Bd7 16. Qd2 Rh7 17. Be2 O-O-O 18. Nf5 Bc6 19. Nxe7+ Qxe7 20. Bxg4 Nxg4
21. Bxd6 Rxd6 22. Qxd6 Qxd6 23. Rxd6 Ne3 24. Rf3 Nxg2 25. Rd2 Nf4 26. Rg3 Rh5
27. e5 Ng6 28. Re2 g4 29. Rxg4 Nxe5 30. Rf4 Kd7 1/2-1/2

[Event "4. Moscu Open 2008"]
[Site "Moscu RUS"]
[Date "2008.02.08"]
[Round "7.123"]
[White "Mishin, Alexei"]
[Black "Antipov, Mikhail Al"]
[Result "0-1"]
[WhiteElo "2340"]
[BlackElo "2114"]
[PlyCount "74"]
[EventDate "2008.02.02"]
[EventType "swiss"]
[EventRounds "9"]
[EventCountry "RUS"]
[Source "lmi"]
[SourceDate "2008.02.02"]

1. d4 d6 2. Nf3 Nf6 3. c4 g6 4. Nc3 Bg7 5. Bg5 O-O 6. e3 Nbd7 7. Qc2 h6 8. Bh4
c5 9. Be2 a6 10. O-O Qc7 11. a3 b6 12. Rad1 Re8 13. d5 Nf8 14. e4 Bd7 15. Nd2
Rab8 16. a4 N8h7 17. f4 Ng4 18. Bxg4 Bxg4 19. Rde1 Bd7 20. e5 dxe5 21. Bg3 Bf5
22. Qc1 e4 23. Ndxe4 Qd7 24. a5 Nf6 25. axb6 Nxe4 26. Nxe4 Bxe4 27. Rxe4 Rxb6
28. Re2 Qb7 29. Bf2 Bxb2 30. Qd2 Rc8 31. Rfe1 Bf6 32. f5 g5 33. Qa5 Qc7 34. Bg3
Qb7 35. Bf2 Rb4 36. Bxc5 Rxc4 37. Bxe7 Bc3 0-1